000 00700nam a2200277Ia 4500
005 20260324122646.0
008 008 260324s9999 xx 000 0 eng d
020 _a9780203128015
037 _aEBOOK
040 _aCRL
040 _beng
040 _cCRL
041 _2eng
041 _aeng
084 _qCRL
100 _aJoonmo Cho; Richard B. Freeman; Jaeho Keum; Sunwoong Kim
_91167302
245 4 _aThe Korean Labour Market after the 1997 Economic Crisis
260 _bTaylor and Francis
260 _c2012
365 _a
365 _b160
856 _uhttp://www.taylorfrancis.com/books/9780203128015
942 _cEBOOK
999 _c1760222
_d1760222